Fr. Conceicao Rodrigues College of Engineering

Project management with CPM & PERT. (Record no. 32275)

MARC details
000 -LEADER
fixed length control field 00302nam a2200133Ia 4500
082 ## - DEWEY DECIMAL CLASSIFICATION NUMBER
Classification number 658.4032
100 ## - MAIN ENTRY--PERSONAL NAME
Personal name Philips Modev.
245 ## - TITLE STATEMENT
Title Project management with CPM & PERT.
260 ## - PUBLICATION, DISTRIBUTION, ETC.
Name of publisher, distributor, etc. Van nostand rainhold co.
Date of publication, distribution, etc. 2001
300 ## - PHYSICAL DESCRIPTION
Extent 283
546 ## - LANGUAGE NOTE
Language note ENGLISH
654 ## - SUBJECT ADDED ENTRY--FACETED TOPICAL TERMS
Focus term Management.
942 ## - ADDED ENTRY ELEMENTS (KOHA)
Koha item type BOOK
Holdings
Withdrawn status Lost status Damaged status Not for loan Collection Home library Current library Date acquired Cost, normal purchase price Inventory number Total Checkouts Full call number Barcode Date last seen Cost, replacement price Price effective from Koha item type
        AFT Fr. Agnel's C.Rodrigues College of Engineering Fr. Agnel's C.Rodrigues College of Engineering 17/03/2023 28.00 1074   658.4032 AFT767 17/03/2023 28.00 17/03/2023 BOOK